Responses for Show #2769 - Thursday, September 19, 1996

Lucien Schmit game 5.

Contestants

Laurie Suter, a dental assistant from Street, Maryland

Doug Zang, an environmental consultant from Saint Paul, Minnesota

Lucien Schmit, a lawyer from Sherman Oaks, California (whose 4-day cash winnings total $36,982)

[next game >>]

Jeopardy! Round responses

NATURE
LANGUAGES
POP CULTURE
U.S. HISTORY
ROOMS
____ THE ____
    $100 3
chlorophyll

Doug
    $100 20
(Lucien: What is Mandarin?)

Chinese

LucienDoug
    $100 5
Independence Day

Lucien
    $100 1
the U.S. Civil War

Lucien
    $100 22
a suite

Doug
    $100 15
Follow the Leader

Lucien
    $200 4
a kiwi

Doug
    $200 21
Greek

Doug
    $200 7
Hill Street Blues

Lucien
    $200 2
Newark

Doug
    $200 23
a tea room

Doug
    $200 16
Dennis the Menace

Doug
    $300 6
bamboo

Doug
    $300 24
Arabic

Lucien
    $300 13
Vanessa Williams

Lucien
    $300 8
(Lucien: Who is Commodore Perry?)

Oliver Hazard Perry

Lucien
Triple Stumper
    $300 28
a closet

Lucien
    $300 18
hit the road

Doug
    $400 11
a tuber

Doug
    $400 26
(Doug: What is Magyar?)
---
(Alex: [*], not Hungarian.)

Romanian

LucienDoug
    $400 14
(Laurie: Who is Billie Jean King?)

Chris Evert

LucienLaurie
    $400 9
(Doug: What is Haiti?)

the Dominican Republic

LucienDoug
    $400 29
an anteroom

Doug
    $400 19
behind the scenes

Triple Stumper
    $500 12
the honeybee

Lucien
    $400 27
Polish

Lucien
    $500 17
Bull Durham

Lucien
    $500 10
(Doug: What is the Bull Moose?)

the Populist (or People's) Party

Doug
Triple Stumper
    $500 30
a boiler room

Lucien
    $500 25
After the Fall

Triple Stumper

Scores at the first commercial break (after clue 14):

Lucien Doug Laurie
$1,700 $300 -$400

Scores at the end of the Jeopardy! Round:

Lucien Doug Laurie
$4,100 $1,400 -$400

Double Jeopardy! Round responses

ASIAN AMERICANS
FURNITURE
PRESIDENTIAL NICKNAMES
THE BIBLE
STATE CAPITALS
NOVELS
    $200 11
(Lance) Ito

Doug
    $200 16
a throne

Doug
    $200 1
Martin Van Buren

Doug
    $200 28
Egypt

Lucien
    $200 5
Juneau

Lucien
    $200 20
Tolstoy

Doug
    $400 12
Kristi Yamaguchi

Lucien
    $400 17
a bed

Doug
    $400 2
Andrew Johnson

Laurie
    $400 29
the Twelve Tribes

Doug
    $400 6
Sacramento

Laurie
    $400 21
Oliver Twist

Triple Stumper
    $600 13
Benihana

Lucien
    $600 18
a screen

Laurie
    $600 3
Chester Arthur

Lucien
    $600 30
Noah

Doug
    $600 7
(Doug: What is New Orleans?)

Baton Rouge

LucienDoug
    $600 23
The Maltese Falcon

Lucien
    $800 14
(Daniel) Inouye

Doug
    $800 19
rocking chairs

Lucien
    $800 4
McKinley

Doug
    $800 26
Samson

Triple Stumper
    $800 8
(Lucien: What is Saint Paul?)

Madison

Lucien
Triple Stumper
    $800 24
Kurt Vonnegut

Lucien
    $1,100 15
Yo-Yo Ma

Doug
    $1000 22
the Museum of Modern Art

Doug
    $1000 10
Tyler

Laurie
    $500 27
(Lucien: [Shakes head])

Shadrach, Meshach & Abednego

Lucien
    $1000 9
Raleigh

Laurie
    $1000 25
Gabriel García Márquez

Lucien

Scores at the end of the Double Jeopardy! Round:

Lucien Doug Laurie
$8,600 $6,700 $3,000

[wagering suggestions for these scores]

Final Jeopardy! Round responses

FILM DIRECTORS
(Alex: Burt Reynolds appeared in this series many, many years ago. He was a supporting player.)
...
(Alex: [To Laurie] Quint Asper was the character in the Gunsmoke series with Jim Arness.)
LaurieWho is Quentin Tarantino
$2,000
DougWho is Tarantino?
$699
LucienWho is Jodie Foster
$4,900
Quentin Tarantino

Final scores:

Lucien Doug Laurie
$3,700 $7,399 $5,000
3rd place: Gibson washer & drier New champion: $7,399 2nd place: Perry Ellis men's clothing + Zodiac watch

Game dynamics:

Coryat scores:

Lucien Doug Laurie
$9,200 $6,600 $3,000
24 R
(including 1 DD),
4 W
(including 1 DD)
23 R
(including 1 DD),
4 W
5 R,
1 W

Combined Coryat: $18,800

[game clues] [game scores] [suggest correction]

Game tape date: 1996-08-12
The J! Archive is created by fans, for fans. Scraping, republication, monetization, and malicious use prohibited; this site may use cookies and collect identifying information. See terms. The Jeopardy! game show and all elements thereof, including but not limited to copyright and trademark thereto, are the property of Jeopardy Productions, Inc. and are protected under law. This website is not affiliated with, sponsored by, or operated by Jeopardy Productions, Inc. Join the discussion at JBoard.tv.